Četyre tisjači naiboleje upotrebiteľnych slov russkovo jazyka

Guardado en:
Detalles Bibliográficos
Formato: Libro
Lenguaje:ruso
Publicado: Moskva : Russkij jazyk, 1986
Edición:5-je izd.,stereotipnoje
Etiquetas: Agregar Etiqueta
Sin Etiquetas, Sea el primero en etiquetar este registro!

MARC

LEADER 00000nam a22000003a 4500
001 stu17876
005 20141122082533.5
008 910718s1986----xxr-----------------rus-d
040 |a STU  |b slo 
041 0 |a rus 
044 |a xxr 
080 |a 808.2: 
245 |a Četyre tisjači naiboleje upotrebiteľnych slov russkovo jazyka 
250 |a 5-je izd.,stereotipnoje 
260 |a Moskva :  |b Russkij jazyk,  |c 1986 
300 |a 367 s :  |b Obr.,tab 
996 |b C88120  |c C*88120  |l CCXVII  |s P  |a 0  |w stu17876_0001 
996 |b C88121  |c C*88121  |l CCXVII  |s P  |a 0  |w stu17876_0002